<?xml version="1.0" encoding="UTF-8"?>
<record
    xmlns:xsi="http://www.w3.org/2001/XMLSchema-instance"
    xsi:schemaLocation="http://www.loc.gov/MARC21/slim http://www.loc.gov/standards/marcxml/schema/MARC21slim.xsd"
    xmlns="http://www.loc.gov/MARC21/slim">

  <leader>00955nam a22002297a 4500</leader>
  <controlfield tag="003">KOHA_M&#x130;RAKIL</controlfield>
  <controlfield tag="005">20260408092537.0</controlfield>
  <controlfield tag="008">260408b        tu ||||| |||| 00| 0 tur d</controlfield>
  <datafield tag="020" ind1=" " ind2=" ">
    <subfield code="a">9757669946</subfield>
  </datafield>
  <datafield tag="040" ind1=" " ind2=" ">
    <subfield code="a">TR-AnABB</subfield>
    <subfield code="b">tur</subfield>
    <subfield code="c">TR-AnABB</subfield>
  </datafield>
  <datafield tag="041" ind1=" " ind2=" ">
    <subfield code="a">tur</subfield>
  </datafield>
  <datafield tag="082" ind1=" " ind2=" ">
    <subfield code="a">354.561009</subfield>
    <subfield code="b">SAN 2002</subfield>
  </datafield>
  <datafield tag="100" ind1="1" ind2=" ">
    <subfield code="a">Sanal, Recep</subfield>
  </datafield>
  <datafield tag="245" ind1="1" ind2="0">
    <subfield code="a">T&#xFC;rkiye'de y&#xF6;netsel denetim ve Devlet Denetleme Kurulu /</subfield>
    <subfield code="c">Recep Sanal</subfield>
  </datafield>
  <datafield tag="260" ind1=" " ind2=" ">
    <subfield code="a">Ankara :</subfield>
    <subfield code="b">TODA&#x130;E,</subfield>
    <subfield code="c">2002</subfield>
  </datafield>
  <datafield tag="300" ind1=" " ind2=" ">
    <subfield code="a">424 sayfa ;</subfield>
    <subfield code="c">20 cm</subfield>
  </datafield>
  <datafield tag="505" ind1=" " ind2=" ">
    <subfield code="a">&#x130;&#xE7;indekiler: Y&#xF6;netsel denetimin kuramsal temeli - D&#xFC;nyada y&#xF6;netsel denetim - T&#xFC;rkiye'de y&#xF6;netsel denetim - Devlet Denetleme Kurulu - DDK Raporlar&#x131;n&#x131;n sonu&#xE7;lar&#x131; &#xFC;zerine bir inceleme - T&#xFC;rkiye'deki Denetim birimlerinin sorunlar&#x131; ve devlet denetleme kurulunun gelece&#x11F;i </subfield>
  </datafield>
  <datafield tag="650" ind1="0" ind2="4">
    <subfield code="a">Merkezi y&#xF6;netimler</subfield>
  </datafield>
  <datafield tag="650" ind1="0" ind2="4">
    <subfield code="a">Merkezi y&#xF6;netimler, Denetleme ve Kontrol</subfield>
  </datafield>
  <datafield tag="900" ind1=" " ind2=" ">
    <subfield code="b">Can &#xC7;ELIK</subfield>
  </datafield>
  <datafield tag="942" ind1=" " ind2=" ">
    <subfield code="2">ddc</subfield>
    <subfield code="c">BK</subfield>
  </datafield>
  <datafield tag="952" ind1=" " ind2=" ">
    <subfield code="0">0</subfield>
    <subfield code="1">0</subfield>
    <subfield code="2">ddc</subfield>
    <subfield code="7">0</subfield>
    <subfield code="a">RUK</subfield>
    <subfield code="b">RUK</subfield>
    <subfield code="d">2026-04-08</subfield>
    <subfield code="l">0</subfield>
    <subfield code="o">354.561009 SAN 2002</subfield>
    <subfield code="p">RK7036</subfield>
    <subfield code="r">2026-04-08 07:24:05</subfield>
    <subfield code="w">2026-04-08</subfield>
    <subfield code="y">BK</subfield>
  </datafield>
  <datafield tag="999" ind1=" " ind2=" ">
    <subfield code="c">10184</subfield>
    <subfield code="d">10184</subfield>
  </datafield>
</record>
